Verejná mienka v západnej Európe a jej reakcie na rozšírenie Európskej únie
Činitele vytvárania a ovplyvňovania verejnej mienky. Význam verejnej mienky pre politickú sféru. Reakcie verejnosti na problematiku migrácie a s tým spojenú zločinnosť. Postoje verejnosti k rozšíreniu EU.
Salvato in:
| Autore principale: | |
|---|---|
| Altri autori: | |
| Natura: | Capitolo di libro |
| Lingua: | slovacco |
| Soggetti: | |
| Tags: |
Nessun Tag, puoi essere il primo ad aggiungerne!!
|
MARC
| LEADER | 00000naa$a2200000$$$4500 | ||
|---|---|---|---|
| 001 | 0034752 | ||
| 005 | 20240502071445.6 | ||
| 041 | 0 | |a slo | |
| 044 | |a SK | ||
| 245 | 1 | 0 | |a Verejná mienka v západnej Európe a jej reakcie na rozšírenie Európskej únie |c Ján Liďák, Peter Juza |
| 520 | |a Činitele vytvárania a ovplyvňovania verejnej mienky. Význam verejnej mienky pre politickú sféru. Reakcie verejnosti na problematiku migrácie a s tým spojenú zločinnosť. Postoje verejnosti k rozšíreniu EU. | ||
| 610 | 2 | 0 | |a mienka verejná |
| 610 | 2 | 0 | |a migrácia |
| 610 | 2 | 0 | |a Európska únia |
| 610 | 2 | 0 | |a politika azylová |
| 100 | 1 | |a Liďák, Ján | |
| 700 | 1 | |a Juza, Peter | |